Lyrics to 'Hold It Down' by Noah Kahan - Statistics

General Stats
  • This quiz has been taken 19 times
  • The average score is 195 of 233
Answer Stats
Answer % Correct
circles
100%
I
100%
I'm
100%
in
100%
spinning
100%
a
89%
about
89%
ain't
89%
all
89%
and
89%
And
89%
anger
89%
behind
89%
but
89%
coming
89%
doubt
89%
doubts
89%
down
89%
dream
89%
every
89%
excuse
89%
failure's
89%
failures
89%
fallen
89%
go
89%
hold
89%
Hold
89%
home
89%
it
89%
let
89%
Let
89%
life
89%
me
89%
my
89%
nothing
89%
Now
89%
now
89%
on
89%
put
89%
real
89%
So
89%
tell
89%
the
89%
to
89%
up
89%
we
89%
what
89%
When
89%
With
89%
with
89%
by
78%
destruct
78%
dreamed
78%
for
78%
gambled
78%
guilty
78%
I've
78%
know
78%
knowing
78%
phone
78%
right
78%
self
78%
soul
78%
stranger
78%
time
78%
turn
78%
watch
78%
we've
78%
without
78%
climb
67%
had
67%
head
67%
lost
67%
skin
67%
stakes
67%
stone
67%
that
67%
wall
67%
will
67%
answers
56%
built
56%
Cause
56%
of
56%
darkness
44%
filling
44%
get
44%
hole
44%
light
44%
looking
44%
out
44%
sin
44%
into
33%
Lord
33%
man
33%
reach
33%
street
33%
take
33%
falsehood
22%
shame
22%
No matching quizzes found
Score Distribution
Percent of People with Each Score
Percentile by Number Answered
Your Score History
You have not taken this quiz